000 00420nam a2200133Ia 4500
008 220217s9999||||xx |||||||||||||| ||und||
020 _a978-81-8404-513-0
082 _a004.65 TAT
100 _aTate, Jon. Hew, Joe. Su Kim, Jin. and Kornakiewicz, Mark
_95969
245 0 _aImplementation an IBM/Cisco SAN
260 _aShroff publishers and dis. Pvt.
_bMumbai
_c2008
300 _b450
650 _aCOMPUTER NETWORK
999 _c177219
_d177219